000 00294nam a22001337a 4500
008 181107b xxu||||| |||| 00| 0 eng d
020 _a047182769-X
041 _aeng
080 _22nd
_a530
100 _a43
101 _aFIZ
245 _aFundamentals Physics
_cHalliday,D
942 _2udc
_cBK
999 _c52122
_d52122